Effectif New Orleans Pelicans saison 2023/2024 (images) - Statistiques

Statistiques générales
  • Ce quiz a été pris 72 fois
  • Le résultat moyen est 8 sur 17
Statistiques - réponses
Par images Réponse % Correct
Zion Williamson
100%
Brandon Ingram
99%
C.J. McCollum
94%
Jonas Valančiūnas
83%
José Alvarado
76%
Larry Nance Jr.
63%
Herb Jones
59%
Trey Murphy III
59%
Cody Zeller
51%
Dyson Daniels
50%
Jordan Hawkins
23%
Naji Marshall
23%
Kira Lewis Jr.
16%
Matt Ryan
11%
Jeremiah Robinson-Earl
6%
Dereon Seabron
1%
E.J. Liddell
1%
Aucun quiz correspondant
Distribution des résultats
% des personnes avec chaque résultat
Percentile par nombre de réponses
Votre historique - résultats
Vous n’avez pas pris ce quiz